Confianza en las certificaciones y disposición a pagar por la calidad de los alimentos (Registro nro. 22830)
[ vista simple ]
| 000 -LEADER | |
|---|---|
| fixed length control field | 00435 a2200133 4500 |
| 001 - CONTROL NUMBER | |
| control field | ART_6747 |
| 005 - DATE AND TIME OF LATEST TRANSACTION | |
| control field | 20260410161826.0 |
| 008 - FIXED-LENGTH DATA ELEMENTS--GENERAL INFORMATION | |
| fixed length control field | 260409a |
| 100 1# - MAIN ENTRY--PERSONAL NAME | |
| Personal name | Berges, Miriam |
| 245 10 - TITLE STATEMENT | |
| Title | Confianza en las certificaciones y disposición a pagar por la calidad de los alimentos |
| 700 1# - ADDED ENTRY--PERSONAL NAME | |
| Personal name | Casellas, Karina |
| 700 1# - ADDED ENTRY--PERSONAL NAME | |
| Personal name | Pace Guerrero, Ignacio |
| 773 0# - HOST ITEM ENTRY | |
| Title | FACES |
| Related parts | - Año 15, Nº 32/33 (ene./dic. 2009) |
| Record control number | REV5046 |
No hay ítems disponibles.